Návrh robotickej paletizačnej bunky v prostredí Siemens Tecnomatix Process Simulate
Enregistré dans:
| Auteur principal: | |
|---|---|
| Autres auteurs: | |
| Format: | Manuscrit Livre |
| Langue: | slovaque |
| Publié: |
2018
|
| Sujets: | |
| Accès en ligne: | http://is.stuba.sk/zp/portal_zp.pl?podrobnosti=126091 |
| Tags: |
Pas de tags, Soyez le premier à ajouter un tag!
|
MARC
| LEADER | 00000ntm a22000003a 4500 | ||
|---|---|---|---|
| 001 | stuzp69493 | ||
| 003 | SK-STU | ||
| 005 | 20180820161503.7 | ||
| 007 | ta | ||
| 008 | 150427s2015----xo-----f-mn---000-0-slo-d | ||
| 040 | |a STU |b slo | ||
| 041 | 0 | |a slo | |
| 100 | 1 | |a Šofranko, Matej |u 020020 |4 aut |U SjF Strojnícka fakulta |T SjF Ústav automatizácie, merania a aplikovanej informatiky |X 76242 |U J0020 |Y 802 |7 76242 | |
| 242 | 0 | 1 | |a Design of a robotic palletising cell using Siemens Tecnomatix Process Simulate |y eng |
| 245 | 1 | 0 | |a Návrh robotickej paletizačnej bunky v prostredí Siemens Tecnomatix Process Simulate |
| 260 | |c 2018 | ||
| 650 | 4 | |a priemyselný robot |2 slo | |
| 650 | 4 | |a paletizácia |2 slo | |
| 650 | 4 | |a Siemens |2 slo | |
| 650 | 4 | |a Process Simulate |2 slo | |
| 650 | 4 | |a off-line programovanie |2 slo | |
| 650 | 4 | |a industrial robot |2 eng | |
| 650 | 4 | |a palletizing |2 eng | |
| 650 | 4 | |a Siemens |2 eng | |
| 650 | 4 | |a Process Simulate |2 eng | |
| 650 | 4 | |a off-line programming |2 eng | |
| 700 | 1 | |a Vašek, Pavol |u 020020 |k Z3 |4 ths |U SjF Strojnícka fakulta |T SjF Ústav automatizácie, merania a aplikovanej informatiky |X 42028 |U J0020 |Y 802 |7 42028 | |
| 856 | 4 | |u http://is.stuba.sk/zp/portal_zp.pl?podrobnosti=126091 | |
| 996 | |b 284J045792 |c J* 2992/DBP |l JJSK |s A |a 24 |w stuzp69493_0001 | ||